000 00322nam a2200133 i 4500
001 bg
100 1 _aKRAMEROV, A. J.
245 0 _aInżeniernyje rasčety jadernych reaktorov /
_cA.J. Kramerov.
260 _aMoskva,
_c1964.
040 _cBPK
041 _apol
942 _cKS
008 s pl f |000 0 pol
999 _c12658
_d12658
856 _uhttp://koha.tu.koszalin.pl/cgi-bin/koha/opac-detail.pl?biblionumber=12658
_yKatalog online BPK